|
|
|
|
| LEADER |
00000nab a2200000 a 4500 |
| 001 |
vtls000784856 |
| 003 |
SK-MaSNL |
| 005 |
20260304142604.0 |
| 008 |
250505c2001 xo 0 slo |
| 015 |
|
|
|a SNBRB2002/02-06668
|
| 035 |
|
|
|a CLN000136527
|
| 035 |
|
|
|a urn:nbn:sk:snk-abnbi
|
| 035 |
|
|
|a (urnnbn)urn:nbn:sk:snk:ar-a042if
|
| 035 |
|
|
|a (uuid)ddbe26d7-939b-4fa5-b88a-2830d09e0b74
|
| 040 |
|
|
|a SNKBUCL
|b slo
|c SNKBUCL
|e AACR2
|
| 041 |
0 |
|
|a slo
|
| 044 |
|
|
|a xo
|c SK
|
| 080 |
|
|
|a 264(048)
|2 1997
|
| 100 |
1 |
|
|a Senčík, Štefan,
|d 1920-2001
|4 aut
|9 213900
|
| 245 |
1 |
0 |
|a Matias Augé, Liturgická špiritualita
|c Štefan Senčík
|
| 650 |
0 |
7 |
|a liturgia
|x monografie
|x recenzie
|2 snkbucl
|9 840627
|
| 655 |
|
7 |
|a články z novín a časopisov
|2 snkbucl
|9 267496
|
| 773 |
0 |
|
|t Liturgia
|g Roč. 11, č. 4 (2001), s. 356-357
|x 1210-0676
|
| 787 |
0 |
8 |
|i Rec.:
|a Augé, Matias
|t Liturgická spiritualita
|d Trnava : Dobrá kniha, 2001
|z 8071413410
|
| 850 |
|
|
|a Slovenská národná knižnica
|
| 852 |
|
|
|a Slovenská národná knižnica
|
| 954 |
|
|
|a odborná, vedecká literatúra pôvodná (slovenská)
|2 lita
|
| 958 |
|
|
|a article27
|
| 958 |
|
|
|a RC
|
| 958 |
|
|
|a OND
|
| 958 |
|
|
|a EUIPO
|
| 999 |
|
|
|c 2922016
|d 2923946
|